| 000 | 00597nam a2200205Ia 4500 | ||
|---|---|---|---|
| 003 | GCL | ||
| 008 | 140319s9999 xx 000 0 ara d | ||
| 040 |
_aGCL / _cGCL |
||
| 082 | 0 | 4 |
_a791.43 _bف م |
| 100 | 1 | _aطه فوزى | |
| 245 | 1 | 0 |
_aالموضات والازياء فى الافلام / _cطه فوزى |
| 700 | 1 | _aفردونى، ماريو | |
| 700 | 1 | _aجلال زكى المنفلوطى | |
| 300 | _a187 ص | ||
| 490 |
_aالهيئة العامة للاستعلامات _v0 |
||
| 650 | 0 | 4 | _aالسينما |
| 650 | 0 | 4 | _aالازياء |
| 650 | 0 | 4 | _aالموضة |
| 942 |
_2ddc _cBK |
||
| 999 |
_c49948 _d49948 |
||